000 00665nam a2200121Ia 4500
008 220615s9999||||xx |||||||||||||| ||und||
100 _aSkidmore, Monique||Wilson, Trevor
245 0 _aMyanmar: State, Community and the Environment
546 _aEnglish[eng]
650 _apolitics and government||social conditions||burma||economic conditions||environmental conditions||Myanmar||Rice||State Peace and Development Council||Thailand
856 _uhttps://library.oapen.org/bitstream/20.500.12657/33684/1/459380.pdf||https://library.oapen.org/bitstream/20.500.12657/33684/1/459380.pdf||https://library.oapen.org/bitstream/20.500.12657/33684/1/459380.pdf
942 _cEB
999 _c12060
_d12060